[Event "COL-ch Fensecoop 5th"]
[Site "Bogota"]
[Date "2011.??.??"]
[Round "3.5"]
[White "Bocanegra, Ruben Dario"]
[Black "Jimenez, Alexis"]
[Result "0-1"]
[WhiteElo "1649"]
[BlackElo "1838"]
[PlyCount "92"]
[EventDate "2011.06.28"]
[EventType "swiss"]
[EventRounds "7"]
[EventCountry "COL"]
[SourceTitle "EXT 2024"]
[Source "ChessBase"]
[SourceDate "2023.10.10"]
[SourceVersion "1"]
[SourceVersionDate "2023.10.10"]
[SourceQuality "1"]

1. e4 e6 2. d4 d5 3. e5 c5 4. c3 Nc6 5. Nf3 Bd7 6. Bd3 cxd4 7. cxd4 Qb6 8. Bc2 Nb4 9. 0-0 Nxc2 10. Qxc2 Rc8 11. Nc3 Ne7 12. Qd1 h5 13. Na4 Qc7 14. Nc5 Bb5 15. Re1 b6 16. Nb3 Qc2 17. Qd2 Nf5 18. Qxc2 Rxc2 19. a4 Bc4 20. Nbd2 Bb4 21. g3 Bd3 22. Kg2 0-0 23. b3 Rfc8 24. Rd1 Be2 25. Rh1 Bc3 26. Rb1 Nxd4 27. Nxd4 Bxd4 28. Re1 Bd3 29. f4 Ra2 30. Kh3 Bxb1 31. Nxb1 Rcc2 32. Nd2 Bc3 33. Kh4 Bxd2 34. Bxd2 Rxd2 35. h3 g6 36. Kg5 Kg7 37. g4 hxg4 38. hxg4 Rg2 39. Rc1 Rac2 40. Rb1 Rc3 41. Rh1 Rxb3 42. a5 Rbg3 43. Rh4 bxa5 44. f5 gxf5 45. Rh1 Rxg4+ 46. Kh5 Rg5+ 0-1